000 00485nam a2200181Ia 4500
001 24544
005 20260414151050.0
008 260414t2017||||xx |||||||||||||| ||spa||
041 _aESP
082 _a345.72
_bR93C 2017
100 _aRuiz Caro Muñóz, Pedro Alberto
_eAUT
245 0 _aCasuística pericial contable :
_bel porqué y el cómo del peritaje
260 _c2017
300 _a325 páginas :
_c24 cm.
650 _aDER
654 _aCDE
942 _cLIB
_dJUS
_fJUS
_2ddc
_n
999 _c24544
_d24544